000 00764nam a2200229 u 4500
005 20210223132008.0
008 130214s2008 br r 000 0 spa d
020 _a9788575146798
035 _aUPN01000189602
049 _aI
050 4 _aPQ7889.3 R6.3
_bS9.3
100 1 _aRodrigues Pinto, Frances
_934063
245 1 3 _aEl sueño de Gabriel /
_cFrances Rodrigues Pinto ; il. Márcio Luiz de Castro ; tr. Pablo Luis Totera.
260 _aBelo Horizonte, Br. :
_bFapi,
_c2008.
300 _a22 p. :
_bil. col.
440 0 _aHistorias que encantan
534 _pTítulo original:
_tO sonho de Tebi
650 4 _aLITERATURA INFANTIL BRASILEÑA
_911916
650 4 _aESPACIO EXTERIOR -
_vLITERATURA INFANTIL
_922175
905 _aInfantil
999 _c161705
_d161705